Una filosofía de la historia en fragmentos /
Según describe la propia autora, la conocida filósofa de origen húngaro Agnes Heller, éste no es un libro de historia, sino una filosofía de la historia después de la muerte de los grandes relatos. Heller indaga en la imaginación histórica de la posmodernidad, cuando la humanidad se enfrenta a cuest...
-д хадгалсан:
| Үндсэн зохиолч: | |
|---|---|
| Формат: | Ном |
| Хэл сонгох: | испани |
| Хэвлэсэн: |
Barcelona, España :
Gedisa,
1999, c1999
|
| Цуврал: | (Cla-De-Ma. Filosofía)
|
| Нөхцлүүд: | |
| Шошгууд: |
Шошго байхгүй, Энэхүү баримтыг шошголох эхний хүн болох!
|
MARC
| LEADER | 00000nam^a2200000^a^4500 | ||
|---|---|---|---|
| 001 | 000130377 | ||
| 005 | 20250521000000.0 | ||
| 009 | 20260310094945.06 | ||
| 020 | |a 84-7432-690-7 | ||
| 037 | |a Acervo ITESO - Biblioteca | ||
| 041 | |a ESP | ||
| 082 | |a 901. |b HEL | ||
| 100 | |a Heller, Agnes |e (autor) | ||
| 245 | 1 | 4 | |a Una filosofía de la historia en fragmentos / |c A. Heller ; tr. por Marcelo Mendoza Hurtado. |
| 264 | 4 | |a Barcelona, España : |b Gedisa, |c 1999, c1999 | |
| 300 | |a 333 p. | ||
| 336 | |a texto |b txt |2 rdacontenido | ||
| 337 | |a sin mediación |b n |2 rdamedio | ||
| 338 | |a volumen |b nc |2 rdasoporte | ||
| 440 | 1 | |a (Cla-De-Ma. |p Filosofía) | |
| 500 | |a Traducción de: A Philosophy of History in Fragments | ||
| 520 | |a Según describe la propia autora, la conocida filósofa de origen húngaro Agnes Heller, éste no es un libro de historia, sino una filosofía de la historia después de la muerte de los grandes relatos. Heller indaga en la imaginación histórica de la posmodernidad, cuando la humanidad se enfrenta a cuestiones básicas como el pensamiento, la memoria, la esperanza, la lectura de textos y la comunicación sin poder apoyarse en fundamentación y debe crear y asimilar nuevas legitimaciones en todo momento. | ||
| 649 | |a XX | ||
| 650 | |a Historia - |x Filosofía | ||
| 650 | |a Civilización | ||
| 650 | |a Cultura | ||
| 650 | |a Modernidad y Posmodernidad | ||
| 650 | |a Filosofía del Siglo XX | ||
| 910 | |a Fondo General | ||
| 920 | |a Impresos - Libros | ||
| 930 | |a Colección General | ||
| 905 | |a 101 | ||
| 901 | |a 0500060195 |b IT1 |c ACC |u 20250521 | ||
| 902 | |a https://opac.biblio.iteso.mx/vufind/Record/000130377 | ||